Countries From Four Words in 90 Seconds #6 - Statistics

General Stats
  • This quiz has been taken 76 times
  • The average score is 3 of 12
Answer Stats
country % Correct
Iran
59%
India
46%
Benin
27%
Indonesia
27%
Gabon
25%
Ghana
23%
Niger
23%
Nigeria
23%
Serbia
16%
Bosnia and Herzegovina
13%
Grenada
9%
Bahrain
5%
No matching quizzes found
Score Distribution
Percent of People with Each Score
Percentile by Number Answered
Your Score History
You have not taken this quiz